Marktwirtschaftliche Bildung der Grundstückspreise

Finančná analýza ako podklad na rozhodovanie a ziskovosti podniku. Nákladová analýza, analýza nákladov a výnosov a matematické modelovanie. Príklady analýz na slovenskom realitnom trhu v období 2005-2016.

Salvato in:
Dettagli Bibliografici
Autore principale: Oppitz, Volker
Altri autori: Hofbauer, Günter, Markovič, Peter, 1974-
Natura: Capitolo di libro
Lingua:tedesco
Soggetti:
Tags: Aggiungi Tag
Nessun Tag, puoi essere il primo ad aggiungerne!!

MARC

LEADER 00000naa$a2200000$$$4500
001 0235026
005 20240502083626.4
041 0 |a ger 
044 |a DE 
245 1 0 |a Marktwirtschaftliche Bildung der Grundstückspreise  |c Volker Oppitz, Günter Hofbauer, Peter Markovič 
520 |a Finančná analýza ako podklad na rozhodovanie a ziskovosti podniku. Nákladová analýza, analýza nákladov a výnosov a matematické modelovanie. Príklady analýz na slovenskom realitnom trhu v období 2005-2016. 
610 2 0 |a nehnuteľnosti 
610 2 0 |a trh realitný 
610 2 0 |a hospodárstvo trhové 
610 2 0 |a trh 
610 2 0 |a ceny 
610 2 0 |a oceňovanie 
610 2 0 |a analýza finančná 
610 2 0 |a analýza nákladov 
610 2 0 |a analýza nákladov a výnosov 
610 2 0 |a Slovensko 
100 1 |a Oppitz, Volker 
700 1 |a Hofbauer, Günter 
700 1 |a Markovič, Peter, 1974-